Czy wiesz o jakie państwa chodzi? - Statystyki

Ogólne statystyki
  • Ten quiz został rozwiązany 25 razy
  • Średni wynik to 9 z 18
Statystyki odpowiedzi
Hint Odpowiedź % Poprawnych
Kraj Klonowego Liścia Kanada
100%
Kraj Kwitnącej Wiśni Japonia
96%
Dar Nilu Egipt
91%
Kraj Tulipanów Holandia
87%
Zielona Wyspa, Wyspa Świętych Irlandia
78%
Azjatyckie Tygrysy Korea Południowa, Indonezja, Tajlandia,Singapur, Tajwan, Malezja, Hong Kong
70%
Kraj Tysiąca Jezior Finlandia
65%
Kwiat Lodu i Ognia Islandia
57%
Gibraltar Dalekiego Wschodu Singapur
48%
Republiki Bananowe Kostaryka, Panama, Nikaragua Gwatemala, Honduras, Kolumbia, Haiti
43%
Archipelag 7 Tysięcy Wysp Filipiny
39%
Perła Antyli Kuba
39%
Afrykańska Brazylia Nigeria
30%
Kraje Taniej Bandery Grecja, Malta, Cypr, Liberia, Panama,Bahamy, Bermudy
26%
Dach Afryki Etiopia
17%
Złoty Trójkąt Mjanma (Birma), Laos, Tajlandia
9%
Gibraltar Ameryki Portoryko
9%
Afryka w Miniaturze Kamerun
4%
Nie znaleziono quizów pasujących do podanych kryteriów
Rozkład punktacji
Procent ludzi z każdym wynikiem
Percentyl według liczby udzielonych odpowiedzi
Twoja historia wyników
Nie rozwiązałeś tego quizu